000
00213nam a22000857a 4500
008
170621b xxu||||| |||| 00| 0 eng d
100
_9
3617
_a
NCERT
245
_a
Lab Manual Science -XII
260
_a
New Delhi
_b
NCERT
_c
2009
999
_c
7006
_d
7006